|
|
|
|
| LEADER |
00843nam a2200229 a 4500 |
| 001 |
011716909 |
| 008 |
091105r20022001ii ab b 001 0 eng d |
| 020 |
|
|
|a 8170369924
|
| 040 |
|
|
|a Uk
|c Uk
|
| 082 |
0 |
4 |
|a 330.1
|2 21
|
| 245 |
1 |
0 |
|a A new institutional approach to economic development /
|c edited by Satu Ka·hko·nen and Mancur Olson.
|
| 260 |
|
|
|a New Delhi :
|b Vistaar,
|c 2001 [Printing 2002]
|
| 300 |
|
|
|a xiv, 353 p. :
|b ill., ;
|c 25 cm.
|
| 504 |
|
|
|a Includes index.
|
| 541 |
1 |
|
|e 00011036
|
| 651 |
|
0 |
|a Institutional economics.
|
| 651 |
|
0 |
|a Economic development.
|
| 700 |
1 |
|
|a Ka·hko·nen, Satu.
|
| 700 |
1 |
|
|a Olson, Mancur.
|
| 852 |
4 |
|
|a Ayesha Abed Library
|j General Shelf
|
| 999 |
|
|
|c 7603
|d 7603
|
| 952 |
|
|
|0 0
|1 0
|2 ddc
|4 0
|6 330_100000000000000_NEW_2002
|7 0
|9 8296
|a BRACUL
|b BRACUL
|c GEN
|d 2010-02-18
|l 0
|o 330.1 NEW
|p 3010011036
|r 2010-02-18
|t 1
|w 2010-02-18
|y BK
|